Poesías en gallego y castellano / (Record no. 87557)

MARC details
000 -LEADER
campo de control de longitud fija 00591nam a2200181 i 4500
001 - NÚMERO DE CONTROL
campo de control 87557
003 - IDENTIFICADOR DE NÚMERO DE CONTROL
campo de control ES-MaACL
005 - FECHA Y HORA DE LA ÚLTIMA TRANSACCIÓN
campo de control 20251005063057.0
007 - CAMPO FIJO DE DESCRIPCIÓN FÍSICA--INFORMACIÓN GENERAL
campo de control de longitud fija t|
008 - DATOS DE LONGITUD FIJA--INFORMACIÓN GENERAL
campo de control de longitud fija 041222s1960 sp ||||1| spa d
100 1# - ENTRADA PRINCIPAL--NOMBRE DE PERSONA
Nombre de persona Labarta Pose, Enrique,
Fechas asociadas al nombre 1863-1925
9 (RLIN) 69218
245 10 - MENCIÓN DEL TÍTULO
Título Poesías en gallego y castellano /
Mención de responsabilidad, etc. Enrique Labarta Pose ; prólogo de Benito Varela Jacome.
260 ## - PUBLICACIÓN, DISTRIBUCIÓN, ETC.
Lugar de publicación, distribución, etc. Santiago de Compostela :
Nombre del editor, distribuidor, etc. [Porto y Cía.,
Fecha de publicación, distribución, etc. 1960]
300 ## - DESCRIPCIÓN FÍSICA
Extensión 127 p. ;
Dimensiones 17 cm.
700 1# - ENTRADA AGREGADA--NOMBRE PERSONAL
Nombre de persona Varela Jácome, Benito.
9 (RLIN) 113161
852 ## - LOCALIZACIÓN
Ubicación ES-MaACL
Número de control de estantería C-19556
Sublocalización o colección R.45493
Holdings
Estatus retirado Estado de pérdida Estado de daño No para préstamo Biblioteca de origen Biblioteca actual Ubicación en estantería Fecha de adquisición Fuente de adquisición Total de préstamos Signatura topográfica completa Código de barras Visto por última vez Precio de reemplazo Tipo de ítem Koha
        Biblioteca del Ateneo de Madrid Biblioteca del Ateneo de Madrid Galería 17/01/2008     C-19556 1091473 23/02/2023 23/02/2023 Libro impreso